01777cam a22003614i 4500003000900000005001700009008004100026020001800067035002700085040003300112082002300145100006700168245004100235264004100276300002800317336002100345337002500366338002300391505085500414526001001269526001001279526001001289526001001299526000801309526000801317526000801325526000801333526000801341526000801349526000801357541001701365650003301382PE-LiUPU20250731173415.0150706s r 000 0 d a9780570049470 a(Sirsi) i9780570049470 aPE-LiUPUbspacPE-LiUPUerda04a230.41322bW222211 aWalther, C. F. W.,d1811-1887qCarl Ferdinand Wilhelm,eautor.10aLey y evangelio /cC. F. W. Walther. 1a[Missouri], USA :bConcordia,c2007. a343 páginas ;c23 cm. atext2rdacontent aunmediated2rdamedia avolume2rdacarrier0 aLa presente obra es uno de los documentos claves de la teología confesional. Es la práctica de la iglesia Luterana enseñar la adecuada distinción que existe en la ley de dios y el evangelio, y usar dicha diferenciación como principio hermenéutico para la lectura, interpretación, enseñanza, y predicación de la palabra de Dios. Los fundamentos para esta doctrina fueron establecidos primeramente por el Dr. Martín Lutero, y reafirmados luego en el libro de Concordia, específicamente en el artículo IV de la Apología de la Confesión de Augsburgo, y en el artículo V de la fórmula de Concordia. Martín Lutero tenía en tan alta estima esta doctrina que dijo: "A quienquiera que conozca bien este arte de distinguir entre la ley y el evangelio, polo a la cabeza de todo y llámalo Doctor en las sagradas Escrituras". aSEG42 aSEG41 aSEG40 aSEG39 aP94 aP87 aP86 aP85 aP77 aP76 aP35 g001-0000566;04aLey (Teología)xEvangelio.